000 00982nam0a2200289 4500
001 RU\NLR\bibl\153968
005 20250618051832.0
010 _a5-88155-376-4
_95000
021 _aRU
_b2000-33634
_91567
035 _a(NLR Aleph) 000150962
090 _a866366
_c866366
100 _a20010510d2000 |||y0rusy50 ca
101 0 _arus
102 _aRU
105 _ay z |||||
200 1 _aПионерская Лолита
_e(Добрые повести добрых старых времен)
_fБ. Носик
210 _aСПб.
_cЗолотой век
_cДИАМАНТ
_d2000
215 _a253,[2] с.
_d20
327 1 _aСодерж.: Гоч: (Фантаст. повесть); "Юный мститель": (Пионерская Лолита)
686 _aШ6(2=Р)6-4
700 1 _aНосик
_bБ. М.
_gБорис М.
_4070
801 0 _aRU
_bNLR
_c20010510
_gPSBO
801 1 _aRU
_bNLR
_c20010510
942 _cBOOK
980 _aNB